00592 2200217 4500001002100000005001500021035002000036007000300056008004100059020002200100082001100122084001700133100002000150245007900170250001500249260003600264300003400300650001900334990001000353990001100363INLIS00000000000007120220617095715 a0010-0917000057ta220617 g 0 ind  a978-979-769-719-8 a296.61 a296.61 SIR f0 aSirajuddin, Zar1 aFilsafat Islam :bFilosof dan Filsafatnya /cProf. Dr H Sirajuddin Zar, MA aEd. Revisi aJakarta :bRajawali Pers,c2014 axi, 276 hlm ;c13.5 x 20.5 cm 4aISLAM FILSAFAT a15495 a15495A